000 00430nam a2200145Ia 4500
008 211109s9999||||xx |||||||||||||| ||und||
082 _a235.2
_bMES-L
100 _aMeschler, Maurice S J
245 0 _aLife of St Aloysius Gonzaga
260 _bNATIONAL BOOKSTALL
_aKottayam
_c1943
300 _a358p.
630 _xGeneral Stack
650 _aSpiritual beings
_vChristianity & Christian theologyReligion
_xGeneralia
942 _cBOOK
999 _c10559
_d10559